[Event "Caciulata"]
[Site "Calimanesti"]
[Date "1992.??.??"]
[Round "?"]
[White "Maksimenko, Andrei"]
[Black "Malaniuk, Vladimir P"]
[Result "1/2-1/2"]
[WhiteElo "2455"]
[BlackElo "2550"]
[PlyCount "41"]
[EventDate "1992.??.??"]
[Source "www.chesslib.no"]
[SourceDate "2004.05.04"]

1. d4 f5 2. e4 fxe4 3. Nc3 Nf6 4. Bg5 c6 5. f3 Qa5 6. Qd2 exf3 7. Nxf3 d6 8. Bd3 Bg4 9. O-O Nbd7 10. h3 Bh5 11. b4 Qb6 12. Kh1 e5 13. dxe5 dxe5 14. Bxf6 gxf6 15. Bf5 Qc7 16. Ne4 Be7 17. Rad1 O-O-O 18. Qh6 Bxf3 19. Rxf3 Kb8 20. Rfd3 Nb6 21. Nxf6 1/2-1/2

[Event "First Saturday GM - Novembre 2008"]
[Site "Budapest UNG"]
[Date "2008.11.11"]
[Round "11"]
[White "Prohaszka, Peter"]
[Black "Varga, Zoltan"]
[Result "1/2-1/2"]
[WhiteElo "2502"]
[BlackElo "2494"]
[PlyCount "49"]
[EventDate "2008.11.01"]
[Source "www.chesslib.no"]
[SourceDate "2004.05.04"]

1. d4 f5 2. e4 fxe4 3. Nc3 Nf6 4. Bg5 c6 5. f3 exf3 6. Nxf3 g6 7. Bd3 Bg7 8. O-O O-O 9. Ne5 d6 10. Nxg6 hxg6 11. Bxg6 Bd7 12. Bxf6 Rxf6 13. Qh5 Na6 14. Rae1 Nc7 15. Bf7+ Kf8 16. Ne4 Bg4 17. Nxf6 exf6 18. Qxg4 Kxf7 19. Qh5+ Kg8 20. Rf3 Qd7 21. Rfe3 Kf8 22. Qg6 Re8 23. Rxe8+ Nxe8 24. h4 d5 25. c3 1/2-1/2

[Event "Ufa"]
[Site "Ufa"]
[Date "1993.??.??"]
[Round "?"]
[White "Berkovich, Dmitry"]
[Black "Potapov, Alexander"]
[Result "1/2-1/2"]
[WhiteElo "2465"]
[BlackElo "2380"]
[PlyCount "88"]
[EventDate "1993.??.??"]
[Source "www.chesslib.no"]
[SourceDate "2004.05.04"]

1. d4 f5 2. e4 fxe4 3. Nc3 Nf6 4. Bg5 c6 5. f3 e3 6. Bd3 Qa5 7. Bxe3 e5 8. Nge2 Be7 9. O-O O-O 10. Qe1 Na6 11. a3 Qc7 12. dxe5 Qxe5 13. Bf4 Qh5 14. Ng3 Bc5+ 15. Kh1 Qf7 16. b4 Re8 17. Nce4 d5 18. Nxf6+ gxf6 19. Qc3 Bf8 20. Bxa6 bxa6 21. Qxc6 Bb7 22. Qc3 Rac8 23. Qd3 Qg6 24. Nf5 Rc4 25. Bg3 Rec8 26. Rae1 Rxc2 27. Ne7+ Bxe7 28. Qxg6+ hxg6 29. Rxe7 Bc6 30. Rd1 Bb5 31. h4 Rc1 32. Ree1 Rxd1 33. Rxd1 Bc4 34. Bf2 Kf7 35. Bxa7 Rh8 36. Bf2 g5 37. Rd4 gxh4 38. Bxh4 f5 39. Kg1 Re8 40. Rf4 Kg6 41. g4 fxg4 42. fxg4 Re4 43. Rxe4 dxe4 44. Bf2 Be6 1/2-1/2

[Event "Badalona"]
[Site "?"]
[Date "2004.05.30"]
[Round "6"]
[White "Munoz Pantoja Miguel"]
[Black "Alonso Moyano Jonathan"]
[Result "1-0"]
[WhiteElo "2404"]
[BlackElo "2417"]
[PlyCount "59"]
[EventDate "2004.??.??"]
[Source "www.chesslib.no"]
[SourceDate "2004.05.04"]

1. d4 f5 2. e4 fxe4 3. Nc3 Nf6 4. Bg5 c6 5. Bxf6 exf6 6. Nxe4 d5 7. Ng3 f5 8. Bd3 Qf6 9. Nf3 g6 10. O-O Bd6 11. Re1+ Kf8 12. c4 dxc4 13. Bxc4 Kg7 14. Qb3 Nd7 15. Be6 Rb8 16. Re2 Rd8 17. Rae1 Nf8 18. Bxc8 Rdxc8 19. h4 Rc7 20. Ng5 Qxd4 21. h5 Rd7 22. a3 Rc8 23. h6+ Kxh6 24. Ne6 Nxe6 25. Nxf5+ gxf5 26. Qxe6+ Kg5 27. g3 Rcd8 28. Kh2 Bb8 29. f4+ Kg4 30. Qh6 1-0

[Event "BUL-ch"]
[Site "Dupnica"]
[Date "1998.??.??"]
[Round "13"]
[White "Stefanova, Antoaneta"]
[Black "Papazov, Ivajlo"]
[Result "1/2-1/2"]
[WhiteElo "2480"]
[BlackElo "2285"]
[PlyCount "38"]
[EventDate "1998.06.??"]
[Source "www.chesslib.no"]
[SourceDate "2004.05.04"]

1. d4 f5 2. e4 fxe4 3. Nc3 Nf6 4. Bg5 c6 5. Qd2 d5 6. f3 Bf5 7. O-O-O Nbd7 8. Bxf6 Nxf6 9. g4 Bg6 10. g5 Nh5 11. fxe4 dxe4 12. Qe3 e6 13. Bc4 Be7 14. h4 O-O 15. Nxe4 Rf4 16. Nc3 Qf8 17. Nge2 Rf3 18. Bxe6+ Kh8 19. Qd2 Bb4 1/2-1/2

[Event "SVK-chT 9697"]
[Site "SVK"]
[Date "1997.??.??"]
[Round "2"]
[White "Martiska, Peter"]
[Black "Lanc, Alois"]
[Result "0-1"]
[WhiteElo "2320"]
[BlackElo "2410"]
[PlyCount "64"]
[EventDate "1997.??.??"]
[Source "www.chesslib.no"]
[SourceDate "2004.05.04"]

1. d4 f5 2. e4 fxe4 3. Nc3 Nf6 4. Bg5 c6 5. f3 Qb6 6. fxe4 Qxb2 7. Bd2 Qb6 8. Nf3 d5 9. Rb1 Qd8 10. Bd3 dxe4 11. Nxe4 Nxe4 12. Bxe4 g6 13. c3 Nd7 14. Ng5 Nf6 15. Qb3 e6 16. Bf3 h6 17. Nh3 g5 18. Qc2 Rg8 19. Be2 Qc7 20. O-O Be7 21. Bd3 Bd7 22. Bg6+ Kd8 23. Rbe1 Rg7 24. Nxg5 hxg5 25. Bxg5 Ne8 26. Bh6 Rg8 27. Rf7 Bd6 28. h3 Qa5 29. Bh7 Rg3 30. Qf2 Qh5 31. Bf4 Qxf7 32. Bxg3 Qxh7 0-1

[Event "SVK Team Ch"]
[Site "Slovakia"]
[Date "1994.??.??"]
[Round "?"]
[White "Duriga, Stefan"]
[Black "Lanc, Alois"]
[Result "1/2-1/2"]
[WhiteElo "2255"]
[BlackElo "2445"]
[PlyCount "85"]
[EventDate "1994.??.??"]
[Source "www.chesslib.no"]
[SourceDate "2004.05.04"]

1. d4 f5 2. e4 fxe4 3. Nc3 Nf6 4. Bg5 c6 5. f3 Qa5 6. Bxf6 exf6 7. fxe4 Bb4 8. Qf3 c5 9. O-O-O Bxc3 10. bxc3 cxd4 11. cxd4 Qxa2 12. Qc3 Nc6 13. Nf3 Qa5 14. Qe3 d6 15. h3 Bd7 16. Bc4 O-O-O 17. Rhe1 Nb4 18. Bb3 Kb8 19. Kb2 Rc8 20. c3 Na6 21. Nd2 Qb6 22. Rb1 Rc7 23. Rec1 Re8 24. Kc2 Qc6 25. Qg3 Ka8 26. Bd5 Qa4+ 27. Kd3 Bb5+ 28. Ke3 Rec8 29. Kf2 Qa3 30. Rxb5 Qxc1 31. Nb3 Qc2+ 32. Kg1 Qe2 33. c4 Rc6 34. Na5 Nc7 35. Nxc6 Nxd5 36. Qxg7 Qe3+ 37. Kh1 Qc1+ 38. Kh2 Qf4+ 39. Kh1 Nb6 40. Na5 Qc1+ 41. Kh2 Qf4+ 42. Kh1 Qc1+ 43. Kh2 1/2-1/2

[Event "Buenos Aires JM ITT1"]
[Site "Buenos Aires ARG"]
[Date "1995.??.??"]
[Round "?"]
[White "Minzer, Claudio Javier"]
[Black "Madina, Martin"]
[Result "1-0"]
[WhiteElo "2385"]
[BlackElo "2290"]
[PlyCount "40"]
[EventDate "1995.01.??"]
[Source "www.chesslib.no"]
[SourceDate "2004.05.04"]

1. d4 f5 2. e4 fxe4 3. Nc3 Nf6 4. Bg5 c6 5. f3 Qa5 6. Qd2 h6 7. Bxf6 exf6 8. fxe4 Bb4 9. Nf3 d5 10. Bd3 O-O 11. O-O Be6 12. Nh4 c5 13. exd5 Bxd5 14. Bh7+ Kxh7 15. Qd3+ f5 16. Nxd5 c4 17. Qxc4 Na6 18. Rxf5 Rxf5 19. Nxf5 Bf8 20. c3 Re8 1-0

[Event "Hermanos Saiz"]
[Site "Hermanos Saiz"]
[Date "1992.??.??"]
[Round "?"]
[White "Gomez, Adalberto"]
[Black "Nunez, Antonio"]
[Result "1/2-1/2"]
[WhiteElo "2325"]
[BlackElo "2340"]
[PlyCount "21"]
[EventDate "1992.??.??"]
[Source "www.chesslib.no"]
[SourceDate "2004.05.04"]

1. d4 f5 2. e4 fxe4 3. Nc3 Nf6 4. Bg5 c6 5. f3 exf3 6. Nxf3 g6 7. Bc4 Bg7 8. O-O d5 9. Bd3 Bg4 10. Qe1 Bxf3 11. Rxf3 1/2-1/2

[Event "Triesen LIE"]
[Site "?"]
[Date "2006.05.25"]
[Round "7"]
[White "Dobrev Nanko"]
[Black "Bhend Edwin"]
[Result "1-0"]
[WhiteElo "2407"]
[BlackElo "2258"]
[PlyCount "51"]
[EventDate "2006.??.??"]
[Source "www.chesslib.no"]
[SourceDate "2004.05.04"]

1. d4 f5 2. e4 fxe4 3. Nc3 Nf6 4. Bg5 c6 5. f3 e3 6. Bxe3 d6 7. Nge2 Nbd7 8. Nf4 Nb6 9. Bd3 e6 10. Qe2 Be7 11. O-O e5 12. dxe5 dxe5 13. Rad1 exf4 14. Bg6+ hxg6 15. Rxd8+ Kxd8 16. Bxf4 Bd7 17. Rd1 Rh5 18. g4 Ra5 19. Bg3 Nbd5 20. Ne4 b5 21. a3 Ra4 22. Ng5 Kc8 23. Kh1 Bd8 24. Ne6 Bb6 25. Nxg7 Kb7 26. Qe5 1-0

[Event "Durban op"]
[Site "Durban"]
[Date "1995.??.??"]
[Round "10"]
[White "De Villiers, Charles"]
[Black "Kroon, Piet"]
[Result "1-0"]
[WhiteElo "2320"]
[BlackElo "2330"]
[PlyCount "47"]
[EventDate "1995.??.??"]
[Source "www.chesslib.no"]
[SourceDate "2004.05.04"]

1. d4 f5 2. e4 fxe4 3. Nc3 Nf6 4. Bg5 c6 5. f3 Qa5 6. Qd2 exf3 7. Nxf3 d6 8. Bd3 Bg4 9. O-O Nbd7 10. b4 Qxb4 11. Rab1 Qa5 12. Rxb7 O-O-O 13. Rb3 Nb6 14. Qc1 Kb8 15. Bd2 Qh5 16. Qb2 Kc7 17. Qa3 Nc8 18. Ng5 h6 19. Qa6 Kd7 20. Rb7+ Ke8 21. Qxc6+ Bd7 22. Rxd7 hxg5 23. Rxd6+ Kf7 24. Qd5+ 1-0

[Event "Kobanya Open"]
[Site "Kobanya"]
[Date "1991.??.??"]
[Round "11"]
[White "Gacso, Tibor"]
[Black "Mozes, Ervin"]
[Result "1/2-1/2"]
[WhiteElo "2245"]
[BlackElo "2375"]
[PlyCount "102"]
[EventDate "1991.??.??"]
[Source "www.chesslib.no"]
[SourceDate "2004.05.04"]

1. d4 f5 2. e4 fxe4 3. Nc3 Nf6 4. Bg5 c6 5. f3 d5 6. fxe4 dxe4 7. Bc4 Bf5 8. Nge2 e6 9. Ng3 Be7 10. O-O g6 11. Qd2 Nbd7 12. Rae1 Nb6 13. Bb3 c5 14. dxc5 Bxc5+ 15. Kh1 Qxd2 16. Bxd2 Be7 17. Ngxe4 Nxe4 18. Nxe4 O-O-O 19. Bg5 Rhe8 20. Bxe7 Rxe7 21. Ng5 Rde8 22. Ne4 Kc7 23. Nf6 Rf8 24. Ng4 a5 25. a4 h5 26. Ne5 Rd8 27. Nf3 Nd7 28. Nd4 Nc5 29. Nxf5 gxf5 30. Rxf5 exf5 31. Rxe7+ Kc6 32. h3 h4 33. Rh7 Nxb3 34. cxb3 Rd4 35. Kh2 Rb4 36. Rh5 Rf4 37. g4 fxg4 38. Rxh4 Rf2+ 39. Kg3 Rxb2 40. Kxg4 Rxb3 41. Kf5 Kd5 42. Rh7 b6 43. Rh6 Rb4 44. Rg6 Kc5 45. Rg4 b5 46. axb5 Kxb5 47. Rg1 a4 48. Kg5 a3 49. h4 Rb2 50. h5 a2 51. Ra1 Rg2+ 1/2-1/2

[Event "Masters"]
[Site "Singapore SIN"]
[Date "2006.12.27"]
[Round "4"]
[White "Corke, A."]
[Black "Garma, C."]
[Result "0-1"]
[WhiteElo "2197"]
[BlackElo "2415"]
[PlyCount "85"]
[EventDate "2006.12.26"]
[Source "www.chesslib.no"]
[SourceDate "2004.05.04"]

1. d4 f5 2. e4 fxe4 3. Nc3 Nf6 4. Bg5 c6 5. Bxf6 exf6 6. Nxe4 d5 7. Ng3 Qb6 8. Qe2+ Kf7 9. O-O-O Bd6 10. h4 Na6 11. c3 Nc7 12. Qc2 Nb5 13. Nf5 Bf4+ 14. Ne3 Bg4 15. Re1 Rae8 16. Bd3 g6 17. Nh3 Bxe3+ 18. fxe3 Nd6 19. Nf2 Bf5 20. e4 dxe4 21. Nxe4 Bxe4 22. Bxe4 Rxe4 23. Rxe4 Nxe4 24. Qxe4 Re8 25. Qf3 Qb5 26. Rf1 f5 27. a4 Qxa4 28. g4 Qa1+ 29. Kc2 Re1 30. Rxe1 Qxe1 31. gxf5 Qxh4 32. d5 Qf6 33. fxg6+ hxg6 34. Qg3 cxd5 35. Qc7+ Qe7 36. Qf4+ Kg7 37. Qd4+ Kh7 38. Qxa7 g5 39. Qf2 Kg6 40. Qb6+ Kh5 41. Qb5 Qf7 42. Qe2+ Kg6 43. Kd3 0-1

[Event "Spring Open"]
[Site "Budapest HUN"]
[Date "1990.??.??"]
[Round "2"]
[White "Kahn, Evarth"]
[Black "Mozes, Ervin"]
[Result "0-1"]
[WhiteElo "2240"]
[BlackElo "2365"]
[PlyCount "110"]
[EventDate "1990.??.??"]
[Source "www.chesslib.no"]
[SourceDate "2004.05.04"]

1. d4 f5 2. e4 fxe4 3. Nc3 Nf6 4. Bg5 c6 5. f3 d5 6. fxe4 dxe4 7. Qd2 Bf5 8. Nge2 e6 9. Ng3 Be7 10. Bc4 Nbd7 11. Qf4 Nb6 12. Bxf6 Bxf6 13. Nxf5 Nxc4 14. Qxe4 Kf7 15. Nxg7 Qxd4 16. Qxd4 Bxd4 17. Nh5 Nxb2 18. Kd2 Rad8 19. Raf1+ Ke7 20. Rf3 Nc4+ 21. Ke2 Bxc3 22. Rxc3 Rd2+ 23. Kf3 Rf8+ 24. Kg3 Nd6 25. Re1 Rg8+ 26. Kf3 Rgxg2 27. Rxe6+ Kd7 28. Re1 Rdf2+ 29. Ke3 Rxh2 30. Nf4 Nf5+ 31. Ke4 Rh4 32. Rd3+ Kc7 33. Kxf5 Rhxf4+ 34. Ke6 Rf6+ 35. Ke7 Rf7+ 36. Ke8 Rf8+ 37. Ke7 R2f7+ 38. Ke6 Re8+ 39. Kxf7 Rxe1 40. Kg7 h5 41. Kg6 Re2 42. Rc3 h4 43. a4 a5 44. Kf5 Kd6 45. Rd3+ Kc5 46. Rc3+ Kb4 47. Rb3+ Kxa4 48. Rxb7 h3 49. c4 h2 50. Rb1 Rb2 51. Ra1+ Kb4 52. Ke5 Kxc4 53. Kd6 c5 54. Rc1+ Kb4 55. Kd5 Rd2+ 0-1

[Event "HUN Team Ch"]
[Site "HUN"]
[Date "1991.??.??"]
[Round "?"]
[White "Mester, Gyula"]
[Black "Vanczak, Attila"]
[Result "1/2-1/2"]
[WhiteElo "2295"]
[BlackElo "2300"]
[PlyCount "44"]
[EventDate "1991.??.??"]
[Source "www.chesslib.no"]
[SourceDate "2004.05.04"]

1. d4 f5 2. e4 fxe4 3. Nc3 Nf6 4. Bg5 c6 5. Bxf6 exf6 6. Nxe4 d5 7. Ng3 Bb4+ 8. c3 Qe7+ 9. Kd2 Bd6 10. Qh5+ g6 11. Qh6 Qc7 12. Re1+ Kf7 13. Nh3 Bxh3 14. Qxh3 Bf4+ 15. Kc2 Qd7 16. Qxd7+ Nxd7 17. Bd3 Rae8 18. Re2 Rxe2+ 19. Nxe2 Bd6 20. g3 Re8 21. Kd2 Nf8 22. Bc2 Ne6 1/2-1/2

[Event "20th Belgrade Trophy"]
[Site "Belgrade SRB"]
[Date "2007.11.26"]
[Round "5"]
[White "Vasovski, N."]
[Black "Paulic, B."]
[Result "1/2-1/2"]
[WhiteElo "2411"]
[BlackElo "2172"]
[PlyCount "102"]
[EventDate "2007.11.22"]
[Source "www.chesslib.no"]
[SourceDate "2004.05.04"]

1. d4 f5 2. e4 fxe4 3. Nc3 Nf6 4. Bg5 c6 5. f3 d5 6. fxe4 dxe4 7. Bc4 Bg4 8. Qd2 b5 9. Bb3 b4 10. Na4 e6 11. h3 Bh5 12. g4 Bf7 13. O-O-O Nbd7 14. Ne2 Be7 15. Ng3 Qc7 16. Qe1 Bd6 17. Nxe4 Bf4+ 18. Bxf4 Qxf4+ 19. Nd2 Nd5 20. Rf1 Qh6 21. h4 Qe3 22. Rf3 Qxe1 23. Rxe1 Ke7 24. Ne4 Rhf8 25. Nec5 N7b6 26. Ref1 Nxa4 27. Bxa4 Rac8 28. Nd7 Kxd7 29. Rxf7+ Rxf7 30. Rxf7+ Kd6 31. Rxg7 a5 32. Rxh7 Nb6 33. b3 Nd5 34. g5 Rf8 35. Kd2 Rf2+ 36. Kd3 Rg2 37. Ra7 Rg3+ 38. Ke2 Rg4 39. Rxa5 Rxh4 40. Rc5 Rxd4 41. Rxc6+ Ke5 42. Rc5 Rg4 43. Kf3 Rxg5 44. Bb5 Rf5+ 45. Kg3 Rg5+ 46. Kf2 Rg7 47. Bc4 Ra7 48. Bxd5 exd5 49. Ke3 Rxa2 50. Kd3 Ra1 51. Kd2 Rh1 1/2-1/2

[Event "Cansys IM-B"]
[Site "Budapest"]
[Date "1991.??.??"]
[Round "8"]
[White "Milonjic, Mihajlo"]
[Black "Mozes, Ervin"]
[Result "0-1"]
[WhiteElo "2205"]
[BlackElo "2375"]
[PlyCount "44"]
[EventDate "1991.??.??"]
[Source "www.chesslib.no"]
[SourceDate "2004.05.04"]

1. d4 f5 2. e4 fxe4 3. Nc3 Nf6 4. Bg5 c6 5. f3 d5 6. fxe4 dxe4 7. Qd2 Bf5 8. Nge2 Nbd7 9. O-O-O e6 10. Ng3 Bb4 11. a3 Bxc3 12. Qxc3 h6 13. Bd2 Nd5 14. Qb3 Qb6 15. Nxf5 exf5 16. Qh3 g5 17. g4 f4 18. c4 e3 19. cxd5 exd2+ 20. Rxd2 cxd5 21. Bd3 O-O-O 22. Bg6 Qxg6 0-1

[Event "Cairnhill op"]
[Site "Singapore"]
[Date "1998.12.23"]
[Round "6"]
[White "Tan, Kenneth"]
[Black "Tu Hoang Thong"]
[Result "0-1"]
[WhiteElo "2100"]
[BlackElo "2480"]
[PlyCount "117"]
[EventDate "1998.12.??"]
[Source "www.chesslib.no"]
[SourceDate "2004.05.04"]

1. d4 f5 2. e4 fxe4 3. Nc3 Nf6 4. Bg5 c6 5. Bxf6 exf6 6. Nxe4 d5 7. Nd2 Qe7+ 8. Qe2 Qxe2+ 9. Bxe2 Bf5 10. c3 Nd7 11. Ngf3 O-O-O 12. Nh4 Be6 13. Bd3 g6 14. O-O-O c5 15. Kb1 c4 16. Bc2 b5 17. Rde1 Bf7 18. f4 Bd6 19. g3 Kc7 20. Re3 Rb8 21. b4 cxb3 22. axb3 Nb6 23. Bd3 Nc4 24. Bxc4 bxc4 25. Kc2 cxb3+ 26. Nxb3 g5 27. fxg5 fxg5 28. Rf1 Be8 29. Nf3 Bg6+ 30. Kb2 Rb7 31. Nfd2 a5 32. Ra1 Ra8 33. Kc1 a4 34. Re6 Kd7 35. Rf6 axb3 36. Rxa8 b2+ 37. Kd1 b1=Q+ 38. Nxb1 Rxb1+ 39. Kd2 Rb2+ 40. Ke3 Rxh2 41. Ra7+ Bc7 42. c4 dxc4 43. d5 Kd8 44. Rc6 Bb8 45. Ra8 Rb2 46. Rxc4 Kd7 47. g4 Bf4+ 48. Kf3 Rb3+ 49. Kf2 Rb2+ 50. Kf3 Bd3 51. Rca4 Be2+ 52. Ke4 Bxg4 53. R8a7+ Kd8 54. Rxh7 Re2+ 55. Kd4 Be5+ 56. Kc5 Rc2+ 57. Kb4 Bd6+ 58. Kb3 Bd1 59. Rh1 0-1

[Event "III Memorial E.Geller - Open A"]
[Site "Odessa UCR"]
[Date "2007.09.15"]
[Round "8"]
[White "Bernadskiy, Vitaliy"]
[Black "Shevchenko, Sergey"]
[Result "1-0"]
[WhiteElo "2197"]
[BlackElo "2378"]
[PlyCount "73"]
[EventDate "2007.09.08"]
[Source "www.chesslib.no"]
[SourceDate "2004.05.04"]

1. d4 f5 2. e4 fxe4 3. Nc3 Nf6 4. Bg5 c6 5. Bxf6 exf6 6. Nxe4 d5 7. Ng3 Qa5+ 8. c3 Bd6 9. Bd3 g6 10. Qd2 Be6 11. Qh6 Bf7 12. Qg7 Rg8 13. Qxf6 Qc7 14. O-O-O Nd7 15. Qh4 h5 16. Re1+ Kf8 17. Kb1 g5 18. Qh3 g4 19. Qh4 c5 20. Nf5 cxd4 21. cxd4 Re8 22. Rxe8+ Bxe8 23. Ne2 Bg6 24. Rc1 Qb6 25. Rc8+ Kf7 26. Rxg8 Kxg8 27. Qg5 Ba3 28. b3 Qf6 29. Qxg6+ Qxg6 30. Ne7+ Bxe7 31. Bxg6 Kg7 32. Bxh5 Nf6 33. Ng3 Nxh5 34. Nxh5+ Kg6 35. Nf4+ Kf5 36. Nxd5 Ke4 37. Nxe7 1-0

[Event "Pecs Suto op"]
[Site "?"]
[Date "1997.??.??"]
[Round "?"]
[White "Gacso Tibor"]
[Black "Somlai Laszlo"]
[Result "0-1"]
[WhiteElo "2190"]
[BlackElo "2360"]
[PlyCount "72"]
[EventDate "1997.??.??"]
[Source "www.chesslib.no"]
[SourceDate "2004.05.04"]

1. d4 f5 2. e4 fxe4 3. Nc3 Nf6 4. Bg5 c6 5. f3 Qa5 6. Qd2 exf3 7. Nxf3 d6 8. Bd3 Bg4 9. O-O Nbd7 10. b4 Qc7 11. Bh4 Bxf3 12. Rxf3 O-O-O 13. Bf5 Kb8 14. b5 e5 15. bxc6 Qxc6 16. d5 Qc4 17. Bf2 Nc5 18. Rb1 e4 19. Rh3 g6 20. Qd4 Qxd4 21. Bxd4 Bg7 22. Bxe4 Rhe8 23. Bd3 Re7 24. Rf1 Ng4 25. Bxg7 Rxg7 26. Rg3 Ne5 27. Be2 a6 28. Rf6 Kc7 29. h4 b5 30. a3 Rdd7 31. Bxb5 axb5 32. Nxb5+ Kd8 33. Nxd6 Ke7 34. Re6+ Nxe6 35. Nc8+ Kd8 36. dxe6 Rd1+ 0-1

[Event "Sala Open"]
[Site "Salamanca ESP"]
[Date "1993.??.??"]
[Round "7"]
[White "Chachalev, Jurij"]
[Black "Ruckschloss, Karol"]
[Result "1/2-1/2"]
[WhiteElo "2250"]
[BlackElo "2285"]
[PlyCount "49"]
[EventDate "1993.??.??"]
[Source "www.chesslib.no"]
[SourceDate "2004.05.04"]

1. d4 f5 2. e4 fxe4 3. Nc3 Nf6 4. Bg5 c6 5. f3 Qb6 6. fxe4 Qxb2 7. Nge2 Qb4 8. Bd2 Qb6 9. Rb1 Qc7 10. e5 Ng4 11. Nf4 d6 12. e6 Nf6 13. Bd3 g5 14. Nh5 Bxe6 15. Bxg5 Nbd7 16. Bxf6 Nxf6 17. Nxf6+ exf6 18. Qe2 Kd7 19. d5 Bf7 20. Bf5+ Kd8 21. O-O c5 22. a4 Bh6 23. Qf3 Bg5 24. Rfe1 a6 25. Ne4 1/2-1/2

[Event "UKR-chT"]
[Site "Alushta"]
[Date "2000.??.??"]
[Round "2"]
[White "Cherednichenko, Svetlana"]
[Black "Chaika, Oleg"]
[Result "1/2-1/2"]
[WhiteElo "2166"]
[BlackElo "2350"]
[PlyCount "61"]
[EventDate "2000.04.15"]
[Source "www.chesslib.no"]
[SourceDate "2004.05.04"]

1. d4 f5 2. e4 fxe4 3. Nc3 Nf6 4. Bg5 c6 5. Bxf6 exf6 6. Nxe4 d5 7. Ng3 Qe7+ 8. Be2 Qb4+ 9. Kf1 Qxb2 10. Bd3 Kd8 11. Nf3 Na6 12. Bxa6 bxa6 13. h3 Bd6 14. Nh5 Qb7 15. g4 Qf7 16. Kg2 g6 17. Ng3 h5 18. Nh4 f5 19. g5 f4 20. Ne2 f3+ 21. Nxf3 Rf8 22. Nc3 Bg4 23. hxg4 hxg4 24. Qd3 Qxf3+ 25. Qxf3 gxf3+ 26. Kf1 Rb8 27. Rh6 Rg8 28. Rh3 Rf8 29. Rh6 Rg8 30. Rh3 Rf8 31. Rh6 1/2-1/2

[Event "TCh-SCG 2. Liga"]
[Site "?"]
[Date "2004.09.12"]
[Round "4"]
[White "Dragovic Aleksandar"]
[Black "Mrsevic Miroslav"]
[Result "1-0"]
[WhiteElo "2269"]
[BlackElo "2244"]
[PlyCount "45"]
[EventDate "2004.??.??"]
[Source "www.chesslib.no"]
[SourceDate "2004.05.04"]

1. d4 f5 2. e4 fxe4 3. Nc3 Nf6 4. Bg5 c6 5. Bxf6 exf6 6. Nxe4 Qb6 7. Qh5+ Kd8 8. O-O-O d5 9. Nc3 Qc7 10. g3 g6 11. Qf3 Qf7 12. Nge2 b5 13. Nf4 Nd7 14. Nd3 Bd6 15. Re1 Re8 16. Bh3 Rxe1+ 17. Rxe1 Qg7 18. Nxd5 cxd5 19. Qxd5 Qh6+ 20. Kb1 Qxh3 21. Qxd6 Rb8 22. Nf4 Qxh2 23. Nd5 1-0

[Event "SLO-chT1z"]
[Site "?"]
[Date "2000.??.??"]
[Round "?"]
[White "Rusjan Miran"]
[Black "Piskur Mitja"]
[Result "1/2-1/2"]
[WhiteElo "2246"]
[BlackElo "2256"]
[PlyCount "98"]
[EventDate "2000.??.??"]
[Source "www.chesslib.no"]
[SourceDate "2004.05.04"]

1. d4 f5 2. e4 fxe4 3. Nc3 Nf6 4. Bg5 c6 5. Bxf6 exf6 6. Nxe4 d5 7. Ng3 Na6 8. c3 Qe7+ 9. Qe2 Bg4 10. f3 Bd7 11. O-O-O Qxe2 12. Bxe2 Bd6 13. Bd3 Nc7 14. Nf5 Bxf5 15. Bxf5 g6 16. Bd3 b5 17. Ne2 a5 18. a3 Kf7 19. Kc2 Rhe8 20. Ng3 Ne6 21. Rhe1 h5 22. Nf1 Nf4 23. g3 Nxd3 24. Kxd3 h4 25. Rxe8 Rxe8 26. f4 hxg3 27. hxg3 Rh8 28. Rd2 Rh1 29. Ke2 Rh8 30. Kf3 Rb8 31. Ne3 Rh8 32. Kg2 Ke6 33. Re2 Kd7 34. Ng4 Be7 35. Ne3 Rb8 36. Kf3 Rh8 37. Kg2 Rb8 38. Kf3 b4 39. axb4 axb4 40. c4 dxc4 41. Nxc4 b3 42. Ke4 Bb4 43. Re3 Re8+ 44. Kf3 Rxe3+ 45. Kxe3 Be1 46. g4 Ke6 47. Ke4 f5+ 48. gxf5+ gxf5+ 49. Kd3 Bg3 1/2-1/2

[Event "TORNEO A"]
[Site "?"]
[Date "2003.??.??"]
[Round "8.13"]
[White "Schaffer Hendrik"]
[Black "Alonso Moyano Jonathan"]
[Result "0-1"]
[WhiteElo "2209"]
[BlackElo "2281"]
[PlyCount "72"]
[EventDate "2003.??.??"]
[Source "www.chesslib.no"]
[SourceDate "2004.05.04"]

1. d4 f5 2. e4 fxe4 3. Nc3 Nf6 4. Bg5 c6 5. Bxf6 exf6 6. Nxe4 d5 7. Ng3 f5 8. Qf3 Qf6 9. O-O-O g6 10. h4 Bh6+ 11. Kb1 Be6 12. Qb3 b6 13. Re1 O-O 14. Nf3 f4 15. Ne2 Nd7 16. Nc3 Kh8 17. Ba6 Bg8 18. a4 Qd6 19. Na2 c5 20. Bb5 Nf6 21. Qa3 Rfd8 22. c3 Qc7 23. Bd3 Bf8 24. b4 cxb4 25. cxb4 a5 26. h5 axb4 27. Qb2 Nxh5 28. Ne5 Rxa4 29. Rc1 Qg7 30. Rc6 Bd6 31. Rxb6 Bxe5 32. dxe5 d4 33. Nxb4 Rda8 34. Re1 Ra1+ 35. Qxa1 Rxa1+ 36. Kxa1 Qc7 0-1

[Event "M.028 IECG email"]
[Site "?"]
[Date "1997.??.??"]
[Round "?"]
[White "Felber, Robert J. (OST)"]
[Black "Santos, Marcos Antonio dos"]
[Result "1-0"]
[WhiteElo "2275"]
[BlackElo "2210"]
[PlyCount "51"]
[EventDate "1997.??.??"]
[Source "www.chesslib.no"]
[SourceDate "2004.05.04"]

1. d4 f5 2. e4 fxe4 3. Nc3 Nf6 4. Bg5 c6 5. Bxf6 exf6 6. Nxe4 d5 7. Ng3 Bd6 8. Bd3 O-O 9. c3 Qe7+ 10. N1e2 f5 11. Qc2 g6 12. O-O-O f4 13. Nf1 f3 14. gxf3 Rxf3 15. Nd2 Rxf2 16. Rde1 Bxh2 17. Bxg6 Bd7 18. Ng3 Qh4 19. Ngf1 Na6 20. Nxh2 Rxh2 21. Bxh7+ Kh8 22. Qd1 Qxh7 23. Rxh2 Qxh2 24. Rh1 Qxh1 25. Qxh1+ Kg8 26. Nf3 1-0

[Event "Sarospatak op"]
[Site "Sarospatak"]
[Date "1996.??.??"]
[Round "?"]
[White "Mester, Gyula"]
[Black "Petro, Janos"]
[Result "1-0"]
[WhiteElo "2360"]
[BlackElo "2120"]
[PlyCount "73"]
[EventDate "1996.??.??"]
[Source "www.chesslib.no"]
[SourceDate "2004.05.04"]

1. d4 f5 2. e4 fxe4 3. Nc3 Nf6 4. Bg5 c6 5. Qd2 d5 6. O-O-O Bf5 7. Nge2 Nbd7 8. Ng3 Bg6 9. h4 h6 10. Bf4 Nh5 11. Nxh5 Bxh5 12. Re1 Nf6 13. Rg1 e6 14. f3 Bb4 15. g4 Bf7 16. g5 hxg5 17. hxg5 Nd7 18. fxe4 Qa5 19. exd5 cxd5 20. g6 Bg8 21. a3 Bxc3 22. Qxc3 Qxc3 23. bxc3 Rh4 24. Bg5 Rh2 25. Be2 Rc8 26. Rg3 a6 27. c4 Nb6 28. c5 Nd7 29. Rb3 Rg2 30. Bf4 e5 31. Bf3 Rf2 32. Bg3 Rxf3 33. Rxf3 e4 34. Rb3 Rc6 35. Rxb7 Rxg6 36. Bd6 Be6 37. c6 1-0

[Event "Moscow ol (Men)"]
[Site "Moscow"]
[Date "1994.??.??"]
[Round "3"]
[White "Santos, Edson"]
[Black "Corbin, Philip"]
[Result "0-1"]
[WhiteElo "2220"]
[BlackElo "2250"]
[PlyCount "66"]
[EventDate "1994.11.??"]
[Source "ChessBase"]

1. d4 f5 2. e4 fxe4 3. Nc3 Nf6 4. Bg5 c6 5. f3 Qa5 6. Bd2 Qb6 7. fxe4 Qxd4 8. Nf3 Qb6 9. Bd3 d6 10. e5 dxe5 11. Nxe5 Nbd7 12. Nc4 Qc7 13. O-O e5 14. Bg5 Bc5+ 15. Kh1 O-O 16. Qe2 b5 17. Bxf6 Rxf6 18. Nd2 Rxf1+ 19. Rxf1 Nf8 20. Nce4 Be7 21. Qh5 Be6 22. Nf3 Bf6 23. Nfg5 Qe7 24. h4 a6 25. Rf3 Bd5 26. Rg3 Kh8 27. Nxh7 Nxh7 28. Ng5 g6 29. Bxg6 Bxg5 30. hxg5 Rg8 31. Rh3 Rg7 32. Bf5 Bxg2+ 33. Kxg2 Rxg5+ 0-1